000 00805nam a2200229Ii 4500
003 JO-AjNU
008 230605s9999||||xx |||||||||||||| ||und||
017 _a2000/8/2480
020 _a9957-402-100-9
040 _aJO-AjNU
_bara
_erda
_cJO-AjNU
041 _aara
050 1 4 _aHF 5655 .A7.K3722 2001
100 3 _aتاليف كراجه، عبدالحليم، م.مشارك: احمد الجعبري، عبدالرحمن سالم,
_eauthor
_945740
245 0 0 _aمحاسبة المنشآت الخاصة
250 _aط1
264 3 1 _aعمان: دار صفاء للنشر والتوزيع، 2001
300 _a243ص
336 _atext
_btxt
_2rdacontent
337 _aunmediated
_bn
_2rdamedia
338 _avolume
_bnc
_2rdacarrier
650 4 _aالمحاسبة-المنشآت الخاصة
_945741
999 _aA19849
_c23417
_d23417